| 000 | 00642nam a22002177a 4500 | ||
|---|---|---|---|
| 003 | OSt | ||
| 005 | 20131017165340.0 | ||
| 008 | 130515s1993 sp ||||| |||| 00| 0 spa d | ||
| 020 | _a8434412608 | ||
| 040 | _cCDMR | ||
| 100 | 1 |
_9279 _aNieto, Alfonso |
|
| 245 | 1 | 0 |
_aEmpresa informativa _cAlfonso Nieto y Francisco Iglesias |
| 260 |
_aBarcelona _bAriel _c1993 |
||
| 300 | _a437 p. | ||
| 490 | 0 | _aAriel Comunicación | |
| 650 | 0 | 4 |
_91465 _aEmpresa informativa |
| 650 | 0 | 4 |
_9311 _aEmpreses periodístiques _xDirecció i administració |
| 650 | 0 | 4 |
_9405 _aMitjans de comunicació de massa |
| 700 | 1 |
_9318 _aIglesias, Francisco |
|
| 942 |
_2udc _cMON |
||
| 999 |
_c6256 _d6256 |
||